Normal view
MARC view
- Nishitani, Takao
Entry Personal Name
001 - CONTROL NUMBER
- control field: 97952
003 - CONTROL NUMBER IDENTIFIER
- control field: NUST
005 - DATE AND TIME OF LATEST TRANSACTION
- control field: 20220818105922.0
008 - FIXED-LENGTH DATA ELEMENTS
- fixed length control field: 220818|| aca||aabn | a|a d
040 ## - CATALOGING SOURCE
- Original cataloging agency: NUST
- Transcribing agency: NUST
100 ## - HEADING--PERSONAL NAME
- Personal name: Nishitani, Takao
670 ## - SOURCE DATA FOUND
- Source citation: Work cat.: (NUST)175722: Digital signal processing for multimedia systems /, c1999.
